00926nam a2200229 a 4500001001000000003000400010005001700014008004100031040002500072082002100097100002800118245004000146260007600186300002100262590002700283600005900310651008600369910003700455942001300492952017400505999001700679000032232OSt20240229073937.0110713s1936 dr r 000 0 spa d aDO-SdBNPbspacBNPHU a972.93053bM839d1 aMorel, Emilio A.93047010aDesde mi sector /cEmilio A. Morel. aCiudad Trujillo, República Dominicana :bTipografía Cambier,c1936. a144 p. ;c19 cm. aInventariado, 2018/ YL10aTrujillo Molina, Rafael Leónidas,d 1891-1961976764 4aRepública DominicanaxPolítica y gobierno xHistoria yEra de Trujillo976709 aValidado. Control de calidad MFF 2ddccLF1 00102ddc50718RVaPDbPDcCTd2011-07-13iLF1l0o972.93053 M839dp32232-10r2020-06-25w2020-06-25y1zPerteneció a la biblioteca personal de Julio Ortega Frier c31723d31723